LDR 00966naa#a2200253#i#450# 001 EN\\bibl\120655 005 20260603233758.3 011 ## _a2076-0655 100 ## _a20260605b2026####ek#y0engy0150####ca 101 0# _aRUS 102 ## _aRU 200 1# _aIMPROVING THE DURABILITY AND OPERATIONAL RELIABILITY OF CONCRETE IN ROAD TRANSPORT PRODUCTS AND STRUCTURES _eJournal article 210 1# _aMoscow _cIndividual Entrepreneur Svetlana Vasilievna Samchenko _d2026 215 ## _a9 с. 608 ## _aJournal article _2local 675 ## _aСтроительные материалы и изделия. 691 _zRUS 686 ## _aСтроительные материалы и изделия. 67.09 _2grnti 700 #1 _aKinyagulova _gLiyana Fanisovna 700 #1 _aKhafizov _gAzamat Azatovich 700 #1 _aNedoseko _gAndrey Igorevich 700 #1 _aChuikin _gAlexander Evgenievich 700 #1 _aSinitsin _gDmitry Aleksandrovich 700 #1 _aStrugoves _gIgor Borisovich 856 4# _atsilicates.ru _u